[Event "Fast Game"]
[Site "www.echecsemail.com"]
[Date "2018.01.16"]
[Round "1"]
[White "Attatroll"]
[Black "Stevep84"]
[WhiteElo "1770"]
[BlackElo "1930"]
[Result "0-1"]
[Round "1"]
1.e4 c6
2.d4 d5
3.f3 e6
4.Nb1c3 Bf8b4
5.Ng1e2 Nb8d7
6.a3 Bb4xc3
7.Ne2xc3 Ng8e7
8.Bf1d3 O-O
9.O-O Qd8b6
10.Bc1e3 Qb6c7
11.e5 b6
12.Nc3e2 Bc8b7
13.f4 c5
14.c3 c4
15.Bd3b1 b5
16.Ne2g3 Ne7g6
17.f5 exf5
18.Ng3xf5 Nd7b6
19.Nf5d6 Bb7c6
20.Qd1g4 Bc6d7
21.Qg4g5 Nb6c8
22.Bb1xg6 hxg6
23.Be3f4 Nc8xd6
24.exd6 Qc7d8
25.Ra1e1 Qd8xg5
26.Bf4xg5 f6
27.Re1e7 Ra8d8
28.Bg5h4 Bd7f5
29.Re7xa7 Rd8xd6
30.Rf1e1 Bf5e4
31.Bh4g3 Rd6b6
32.a4 bxa4
33.Ra7xa4 Rb6xb2
34.Ra4a5 Rb2xg2
35.Kf1 Rg2c2
36.Re1e3 Rf8e8
37.Bg3f2 Be4d3
38.Kg1 Rc2c1
39.Kg2 Re8xe3
40.Bf2xe3 Rc1xc3
41.Kf2 Rc3c2
42.Kg3 Bd3e4
{ resign }
0-1

[Event "Fast Game"]
[Site "www.echecsemail.com"]
[Date "2018.01.16"]
[Round "1"]
[White "Pellix84"]
[Black "Hennie4820"]
[WhiteElo "1610"]
[BlackElo "1670"]
[Result "1-0"]
[Round "1"]
1.d4 Ng8f6
2.Ng1f3 g6
3.c4 Bf8g7
4.Nb1c3 O-O
5.e4 d6
6.b3 Nb8d7
7.Bc1b2 c5
8.Bf1d3 cxd4
9.Nf3xd4 Nd7c5
10.O-O Nc5xd3
11.Qd1xd3 b6
12.Nd4c6 Qd8c7
13.Nc3d5 Nf6xd5
14.Bb2xg7 Kxg7
15.exd5 Bc8b7
16.Qd3e4 Rf8e8
17.b4 a6
18.a4 e6
19.b5 exd5
20.Qe4d4 f6
21.cxd5 Re8e2
22.Ra1a3 Ra8e8
23.Ra3f3 Qc7f7
24.Rf3e3 Re2a2
25.Qd4xb6 axb5
26.Re3xe8 Qf7xe8
27.Qb6xb7 { resign }
1-0

[Event "Tourn. n9665"]
[Site "www.chess-mail.com"]
[Date "2018.01.17"]
[Round "1"]
[White "Pangloss"]
[Black "Sachpat"]
[WhiteElo "2399"]
[BlackElo "2790"]
[Result "0-1"]
[Round "1"]
1.d4 Ng8f6
2.c4 e6
3.Nb1c3 Bf8b4
4.f3 c5
5.d5 exd5
6.cxd5 d6
7.e4 Nb8d7
8.Bf1d3 O-O
9.Ng1e2 Nd7e5
10.O-O Rf8e8
11.f4 Ne5xd3
12.Qd1xd3 b5
 { time }
0-1

[Event "Tourn. n9638"]
[Site "www.chess-mail.com"]
[Date "2018.01.17"]
[Round "1"]
[White "Madz123456"]
[Black "Passaroa25"]
[WhiteElo "1720"]
[BlackElo "1680"]
[Result "0-1"]
[Round "1"]
1.e4 Nb8c6
2.d4 Ng8f6
3.d5 Nc6e5
4.f4 Ne5g4
5.e5 Ng4xh2
6.Rh1xh2 Nf6e4
7.Qd1d4 f5
8.Bf1e2 c5
9.Qd4e3 b6
 { time }
0-1

[Event "Tourn. n9691"]
[Site "www.chess-mail.com"]
[Date "2018.01.17"]
[Round "1"]
[White "Dussek"]
[Black "Izastar"]
[WhiteElo "1800"]
[BlackElo "1809"]
[Result "0-1"]
[Round "1"]
1.d4 f5
2.e4 fxe4
3.Nb1c3 Ng8f6
4.Bc1g5 Nb8c6
5.Bg5xf6 exf6
6.Nc3xe4 Qd8e7
7.Qd1d3 d5
8.O-O-O dxe4
9.Qd3d2 Bc8f5
10.Bf1b5 Bf5d7
11.Ng1e2 O-O-O
12.d5 Nc6e5
13.Qd2a5 Bd7xb5
14.Qa5xb5 Qe7c5
{ resign }
0-1

[Event "Tourn. n9672"]
[Site "www.chess-mail.com"]
[Date "2018.01.17"]
[Round "1"]
[White "Orhany24"]
[Black "Bojan"]
[WhiteElo "2110"]
[BlackElo "2060"]
[Result "1-0"]
[Round "1"]
1.e4 d6
2.d4 Ng8f6
3.Bf1d3 e5
4.d5 Bc8d7
5.c4 h6
6.Nb1c3 a6
7.Ng1e2 Nf6h7
8.O-O Bf8e7
9.f4 exf4
10.Bc1xf4 Bd7g4
11.Qd1c2 Nh7f6
12.h3 Bg4h5
13.g4 Bh5g6
14.Kg2 h5
15.g5 Nf6h7
16.h4 Nb8d7
17.Ne2g3 f6
18.Ra1e1 Nd7c5
19.Ng3f5 fxg5
20.Nf5xe7 Qd8xe7
21.hxg5 O-O-O
22.b4 Nc5xd3
23.Qc2xd3 Nh7xg5
24.Qd3g3 Ng5xe4
25.Qg3xg6 Rd8f8
26.Nc3xe4 Qe7d7
27.Qg6e6 { resign }
1-0

[Event "Tourn. n9652"]
[Site "www.chess-mail.com"]
[Date "2018.01.17"]
[Round "1"]
[White "Piekki"]
[Black "Pangloss"]
[WhiteElo "2130"]
[BlackElo "2159"]
[Result "1-0"]
[Round "1"]
1.e4 e5
2.Ng1f3 Nb8c6
3.Bf1b5 a6
4.Bb5xc6 dxc6
5.d3 f6
6.O-O Bc8g4
7.Bc1e3 c5
8.Nb1d2 Bf8d6
9.a4 Ng8e7
10.c3 Ne7c6
11.h3 Bg4h5
12.Qd1c2 O-O
13.Nf3h4 Rf8e8
14.Nh4f5 Nc6e7
15.g4 Bh5f7
16.Nd2f3 Ne7g6
17.Ra1d1 b5
18.Qc2d2 Ng6f4
19.Be3xf4  { time }
1-0

[Event "Tourn. n9630"]
[Site "www.chess-mail.com"]
[Date "2018.01.17"]
[Round "1"]
[White "Gearoidmac"]
[Black "Apdash"]
[WhiteElo "2340"]
[BlackElo "2250"]
[Result "1-0"]
[Round "1"]
1.e4 e5
2.Ng1f3 Nb8c6
3.Bf1b5 Ng8e7
4.O-O a6
5.Bb5a4 g6
6.c3 Bf8g7
7.d4 exd4
8.cxd4 O-O
9.Nb1c3 d6
10.h3 b5
11.Ba4b3 b4
12.Nc3d5 Kh8
13.Bc1e3 Bc8b7
14.Qd1d2 a5
15.Be3h6 Ne7xd5
16.Bb3xd5 Ra8b8
17.a3 Nc6e7
18.Bd5xb7 Rb8xb7
19.axb4 Rb7xb4
20.Bh6xg7 Kxg7
21.Ra1xa5 Qd8b8
22.Ra5a2 Qb8b6
23.Rf1a1 Rf8b8
24.Ra2a6 Qb6b5
25.Ra6a5 Qb5d7
26.Qd2e3 Rb4xb2
27.d5 h6
28.Ra1c1 Rb2b7
29.Nf3d4 Rb7b2
30.Qe3c3 Kg8
31.Qc3xc7 Rb2b7
32.Qc7c3 Rb8c8
33.Qc3a3 Rc8xc1
34.Qa3xc1 Rb7c7
35.Qc1xh6 Qd7d8
36.Nd4f3 Qd8f8
37.Qh6h4 f6
38.Nf3d4 g5
39.Qh4g4 Qf8c8
40.Nd4e6 Rc7c1
41.Kh2 Qc8e8
42.Ne6xg5 Qe8c8
43.Ng5e6 { resign }
1-0

[Event "Tourn. n9630"]
[Site "www.chess-mail.com"]
[Date "2018.01.17"]
[Round "1"]
[White "Gearoidmac"]
[Black "Krystek23"]
[WhiteElo "2340"]
[BlackElo "2470"]
[Result "1-0"]
[Round "1"]
1.e4 c5
2.Nb1c3 e6
3.f4 Nb8c6
4.Ng1f3 a6
5.g3 d5
6.d3 dxe4
7.dxe4 Qd8xd1
8.Nc3xd1 Ng8f6
9.e5 Nf6d5
10.Bc1d2 Nc6b4
11.Bd2xb4 Nd5xb4
12.Kd2 Bc8d7
13.a3 Nb4d5
14.c4 Nd5e7
15.Nd1e3 Bd7c6
16.Bf1e2 Ra8d8
17.Kc3 Ne7c8
18.Rh1d1 Bf8e7
19.b4 O-O
20.b5 Bc6e4
21.a4 a5
22.Rd1xd8 Rf8xd8
23.Ra1d1 f5
24.Nf3d2 Be4g2
25.Nd2b3 b6
26.Rd1xd8 Be7xd8
27.Ne3xg2 g5
28.fxg5 Bd8xg5
29.Kd3 Nc8e7
30.Ng2f4 Kf7
31.Be2h5 Ne7g6
32.Ke2 Kg7
33.Bh5xg6 hxg6
34.Nf4xe6 Kh6
35.Ne6xg5 Kxg5
36.Kf3 { resign }
1-0

[Event "Tourn. n9684"]
[Site "www.chess-mail.com"]
[Date "2018.01.17"]
[Round "1"]
[White "Bojan"]
[Black "Awfen"]
[WhiteElo "1960"]
[BlackElo "2030"]
[Result "0-1"]
[Round "1"]
1.e4 Nb8c6
2.Nb1c3 e5
3.Ng1f3 Ng8f6
4.d4 Bf8b4
5.Bc1g5 Bb4e7
6.d5 Nc6b4
7.a3 Nb4a6
8.Nf3xe5 d6
9.Bf1b5 c6
10.Ne5xc6 bxc6
11.Bb5xc6 Bc8d7
12.Bc6xa8 Qd8xa8
13.h3 O-O
14.Qd1e2 Be7d8
15.O-O Na6c5
16.f3 a6
17.Qe2e3 Qa8b8
18.b3 Bd7c8
19.b4 Nc5d7
20.Kh1 Nd7e5
21.f4 Bd8b6
22.Qe3g3 Ne5g6
23.Bg5xf6 gxf6
24.f5 Bb6d4
25.fxg6 fxg6
26.Ra1d1 Bd4e5
27.Qg3d3 Qb8c7
28.Nc3e2 Qc7b6
29.Qd3c4 Bc8d7
30.Rf1f3 Bd7b5
31.Qc4c3 Be5xc3
{ resign }
0-1

[Event "Match"]
[Site "www.echecsemail.com"]
[Date "2018.01.17"]
[Round "1"]
[White "Izastar"]
[Black "Muderfuger"]
[WhiteElo "1249"]
[BlackElo "1499"]
[Result "1-0"]
[Round "1"]
1.f4 e6
2.Ng1f3 Ng8f6
3.b3 Bf8c5
4.Bc1b2 Nf6e4
5.e3 O-O
6.Bf1e2 g5
7.fxg5 f6
8.gxf6 Ne4xf6
9.O-O Nf6g4
10.h3 Ng4f6
11.d4 Bc5d6
12.Nb1d2 Nf6d5
13.Nd2c4 Bd6g3
14.Qd1d3 b5
15.Nc4e5 d6
16.Ne5g4 h5
17.Qd3g6 Kh8
18.Nf3g5 Nd5e7
19.Qg6h7 { resign }
1-0

[Event "Match"]
[Site "www.echecsemail.com"]
[Date "2018.01.17"]
[Round "1"]
[White "Iko"]
[Black "Stevep84"]
[WhiteElo "1620"]
[BlackElo "2230"]
[Result "1/2-1/2"]
[Round "1"]
1.e4 e5
2.Ng1f3 Nb8c6
3.Bf1b5 Ng8f6
4.Bb5xc6 dxc6
5.d4 Bc8g4
6.dxe5 Qd8xd1
7.Kxd1 Nf6xe4
8.Bc1e3 O-O-O
9.Nb1d2 Bf8e7
10.Ke2 Ne4xd2
11.Be3xd2 Rd8d5
12.Bd2f4 g5
13.Bf4e3 Rd5xe5
14.h3 Bg4xf3
15.Kxf3 Be7c5
16.Rh1e1 Bc5xe3
17.Re1xe3 Rh8e8
18.Ra1e1 Re5xe3
19.Re1xe3 Re8xe3
20.fxe3 Kd7
21.Kg4 f6
22.Kh5 Ke6
23.Kh6 Kf5
24.g4 Ke4
25.Kxh7 f5
26.gxf5 Kxf5
27.Kh6 g4
28.e4 Kf4
29.hxg4 Kxg4
30.Kg6 Kf4
31.a4 Kxe4
32.Kf6 Ke3
33.Ke7 Kd2
34.Kd7 Kxc2
35.Kxc7 Kxb2
36.Kxb7 c5
37.Kxa7 c4
38.a5 c3
39.a6 c2
40.Kb7 c1Q
41.a7 Qc1h1
42.Kb8 Qh1h8
43.Kb7 Qh8g7
44.Kb8 Qg7f8
45.Kb7 Qf8b4
46.Ka8 Kc1

1/2-1/2

[Event "1/128 Finale"]
[Site "www.chess-mail.com"]
[Date "2018.01.17"]
[Round "1"]
[White "Vios"]
[Black "Pangloss"]
[WhiteElo "2290"]
[BlackElo "1809"]
[Result "1-0"]
[Round "1"]
1.e4 c5
2.Ng1f3 Nb8c6
3.d4 cxd4
4.Nf3xd4 Ng8f6
5.Nb1c3 e5
6.Nd4b5 d6
7.Bc1g5 a6
8.Nb5a3 b5
9.Nc3d5 Bf8e7
10.Nd5xe7 Nc6xe7
11.Bg5xf6 gxf6
12.c4 f5
13.exf5 Ne7xf5
14.Bf1d3 Ra8b8
15.cxb5 Rh8g8
16.g3 Nf5d4
17.O-O Bc8b7
18.f3 Qd8h4
19.Rf1f2 f5
20.bxa6 Bb7c6
21.a7 Rb8xb2
22.Na3c2 Ke7
23.Ra1c1  { time }
1-0

[Event "1/128 Finale"]
[Site "www.chess-mail.com"]
[Date "2018.01.17"]
[Round "1"]
[White "Claudia"]
[Black "Cereus"]
[WhiteElo "1970"]
[BlackElo "1809"]
[Result "0-1"]
[Round "1"]
1.e4 c5
2.Ng1f3 d6
3.d4 cxd4
4.Nf3xd4 Ng8f6
5.Nb1c3 a6
6.f3 e5
7.Nd4b3 Bc8e6
8.Bc1g5 Nb8d7
9.Nc3d5 Be6xd5
10.exd5 Bf8e7
11.Bg5e3 Ra8c8
12.c4 O-O
13.Bf1d3 Nf6h5
14.O-O Be7g5
15.Qd1d2 Bg5xe3
16.Qd2xe3 Nh5f4
17.g3 Nf4xd3
18.Qe3xd3 b5
19.cxb5 Qd8b6
20.Kg2 axb5
21.Rf1c1 g6
22.h4 f5
23.h5 Nd7f6
24.hxg6 hxg6
25.Rc1h1 Kg7
26.Qd3d2 Rf8h8
27.Rh1xh8 Rc8xh8
28.Ra1c1 Qb6b7
29.Nb3a5 Qb7d7
30.Rc1c6 f4
31.g4 Nf6xg4
{ resign }
0-1

[Event "1/128 Finale"]
[Site "www.chess-mail.com"]
[Date "2018.01.17"]
[Round "1"]
[White "Aniruddhadg"]
[Black "Vinvangogh"]
[WhiteElo "2299"]
[BlackElo "1190"]
[Result "1-0"]
[Round "1"]
1.e4 e5
2.Ng1f3 Nb8c6
3.Bf1c4 Qd8e7
4.O-O Ng8h6
5.Nb1c3 d6
6.Nc3d5 Qe7d7
7.d4 Bf8e7
8.Bc1xh6 O-O
9.Qd1d2 Nc6xd4
10.Nf3xd4 exd4
{ time. }
1-0

[Event "Tourn. n9687"]
[Site "www.chess-mail.com"]
[Date "2018.01.18"]
[Round "1"]
[White "Sociopath"]
[Black "Jackbauer"]
[WhiteElo "1809"]
[BlackElo "1820"]
[Result "1-0"]
[Round "1"]
1.e4 c5
2.Ng1f3 d6
3.d4 cxd4
4.Nf3xd4 e5
5.Bf1b5 Bc8d7
6.Bb5xd7 Qd8xd7
7.Nd4e2 Ng8f6
8.Nb1c3 Bf8e7
9.Bc1g5 h6
10.Bg5xf6 Be7xf6
11.Nc3d5 Bf6d8
12.h4 Nb8c6
13.Qd1d3 O-O
14.Ne2g3 Rf8e8
15.O-O-O Re8e6
16.Ng3f5 Bd8f6
17.Qd3g3 Nc6d4
18.Nd5xf6 Kh8
19.Qg3xg7 
1-0

[Event "Tourn. n9657"]
[Site "www.chess-mail.com"]
[Date "2018.01.18"]
[Round "1"]
[White "Julian"]
[Black "Picifarkinca"]
[WhiteElo "1690"]
[BlackElo "1650"]
[Result "1-0"]
[Round "1"]
1.e4 e5
2.Ng1f3 d6
3.d4 Ng8f6
4.Nb1c3 exd4
5.Nf3xd4 c6
6.Bf1e2 Bf8e7
7.O-O O-O
8.Bc1e3 Rf8e8
9.f3  { time }
1-0

[Event "Tourn. n9703"]
[Site "www.chess-mail.com"]
[Date "2018.01.18"]
[Round "1"]
[White "Bigrezi"]
[Black "Bojan"]
[WhiteElo "2250"]
[BlackElo "2050"]
[Result "1-0"]
[Round "1"]
1.e4 g6
2.d4 d5
3.exd5 Qd8xd5
4.Nb1c3 Qd5d8
5.Ng1f3 Bf8g7
6.Bf1c4 Bc8g4
7.Bc4xf7 Kxf7
8.Nf3g5 Ke8
9.Qd1xg4 h5
10.Qg4e4 Qd8xd4
11.Qe4xg6 { resign }
1-0

[Event "Tourn. n9649"]
[Site "www.chess-mail.com"]
[Date "2018.01.18"]
[Round "1"]
[White "Pangloss"]
[Black "Mozgegorov"]
[WhiteElo "2159"]
[BlackElo "1709"]
[Result "0-1"]
[Round "1"]
1.e4 e5
2.f4 d6
3.Ng1f3 Nb8c6
4.Nb1c3 Bc8g4
5.Bf1c4 Bg4xf3
6.Qd1xf3 Ng8f6
7.d3 Nc6d4
8.Qf3d1 c6
9.O-O b5
10.fxe5 dxe5
11.Bc4b3 Nd4xb3
12.axb3 Bf8c5
13.Kh1 h6
14.Qd1f3 Qd8b6
15.Qf3g3 O-O-O
16.Qg3xg7 Nf6d7
17.Bc1d2 f6
18.Nc3e2 Rd8g8
19.Qg7f7 Qb6c7
20.Ne2g3 Kb7
21.b4 Bc5b6
22.Ng3f5 h5
23.c4 Rg8f8
24.Qf7e6 bxc4
25.dxc4 Bb6d4
26.Nf5xd4 Rf8e8
27.Qe6xc6 Qc7xc6
 { time }
0-1

[Event "Tourn. n9655"]
[Site "www.chess-mail.com"]
[Date "2018.01.18"]
[Round "1"]
[White "Pangloss"]
[Black "Aiko1603"]
[WhiteElo "2269"]
[BlackElo "2080"]
[Result "0-1"]
[Round "1"]
1.e4 c5
2.Ng1f3 Nb8c6
3.d4 cxd4
4.Nf3xd4 g6
5.Nb1c3 Bf8g7
6.Bc1e3 d6
7.f3 Ng8f6
8.Qd1d2 O-O
9.g4 e5
10.Nd4xc6 bxc6
11.O-O-O Nf6e8
12.h4 Bc8e6
13.h5 Qd8c7
14.Be3h6 Ra8d8
15.Bh6xg7 Kxg7
16.hxg6 fxg6
17.Bf1h3 Rf8xf3
18.Bh3g2 Rf3f4
19.Nc3e2 Rf4f7
20.g5 Be6xa2
21.b3 Rf7f2
22.Qd2e3 Qc7f7
23.Rd1f1 Rf2xf1
24.Rh1xf1 Qf7e7
25.Kb2 Ba2xb3
26.cxb3 Rd8b8
27.Qe3c3 Qe7xg5
28.Bg2h3 c5
29.Bh3e6 Rb8b7
30.Kc2 Qg5g2
31.Qc3f3 Qg2xf3
32.Rf1xf3 Ne8f6
33.Ne2c3 Rb7e7
 { time }
0-1

[Event "Tourn. n9645"]
[Site "www.chess-mail.com"]
[Date "2018.01.18"]
[Round "1"]
[White "Pangloss"]
[Black "Falcoale"]
[WhiteElo "1809"]
[BlackElo "1820"]
[Result "0-1"]
[Round "1"]
1.e4 c5
2.Ng1f3 Nb8c6
3.d4 cxd4
4.Nf3xd4 e5
5.Nd4b5 Ng8f6
6.Nb1c3 a6
7.Nb5d6 Bf8xd6
8.Qd1xd6 Qd8e7
9.Qd6xe7 Kxe7
10.Bc1g5 h6
11.Nc3d5 Kd8
12.Bg5xf6 gxf6
13.O-O-O b5
14.c3 Ra8b8
15.g3 h5
16.h4 Rh8h6
17.Nd5e3 Nc6e7
18.Bf1h3 Ke8
19.Rd1d6 Rb8a8
20.Rh1d1 Ra8a7
21.Ne3f5 Ne7xf5
22.Bh3xf5 Ke7
23.f4 exf4
24.gxf4 Rh6h8
25.Kc2 Rh8g8
26.Rd6b6 Rg8d8
27.Rd1d6 a5
28.Rd6xf6 d6
29.Rf6h6 Bc8xf5
30.exf5 b4
31.Rh6xh5 Ra7c7
32.f6 Kxf6
33.Rh5xa5 bxc3
34.bxc3 Rc7e7
35.h5 Re7e4
36.Rb6b4 Re4e2
37.Kb3 Kg7
38.Ra5a7 Rd8f8
39.a4 Kh6
40.a5 Kxh5
41.a6 Re2e8
42.Rb4b7 Kg6
43.Rb7e7 Kf6
44.Re7xe8 Rf8xe8
45.Ra7b7 Re8a8
 { time }
0-1

[Event "Tourn. n9585"]
[Site "www.chess-mail.com"]
[Date "2018.01.18"]
[Round "1"]
[White "Dussek"]
[Black "Yakke"]
[WhiteElo "1820"]
[BlackElo "1790"]
[Result "1-0"]
[Round "1"]
1.e4 e5
2.Ng1f3 Nb8c6
3.Bf1b5 Qd8f6
4.d3 Qf6g6
5.O-O a6
6.Bb5a4 d6
7.Nb1c3 Bc8h3
8.Bc1g5 Bh3g4
9.h4 h6
10.Bg5e3 Bf8e7
11.Nc3d5 O-O-O
12.Ba4xc6 Be7xh4
13.Nf3xh4 Bg4xd1
14.Nh4xg6 fxg6
15.Bc6xb7 Kxb7
16.Rf1xd1 Ng8f6
17.Nd5e7 g5
18.b4 d5
19.f3 d4
20.Be3d2 Nf6h5
21.Kf2 Rh8f8
22.Ne7g6 Rf8f6
23.Ng6xe5 Rd8e8
24.Ne5d7 Rf6d6
25.Nd7c5 Ka7
26.a4 Re8f8
27.Kg1 Nh5g3
28.Kh2 Ng3e2
29.Rd1e1 Ne2f4
30.e5 Rd6d8
31.Bd2xf4 Rf8xf4
32.Re1e4 Rf4f5
33.Nc5e6 Rd8b8
34.Ne6xd4 Rf5f8
35.Nd4c6 Ka8
36.Nc6xb8 Rf8xb8
37.c3 Rb8b6
38.e6 Rb6b8
39.e7 Rb8e8
40.d4 Kb7
41.c4 Kb6
42.Re4e5 Kc6
43.Ra1e1 Kb6
44.Re5d5 c6
45.Rd5d8 Re8xe7
46.Re1xe7 g6
47.Rd8b8 
1-0

[Event "Tourn. n9675"]
[Site "www.chess-mail.com"]
[Date "2018.01.18"]
[Round "1"]
[White "Caspito"]
[Black "Dussek"]
[WhiteElo "1900"]
[BlackElo "1820"]
[Result "1-0"]
[Round "1"]
1.e4 e5
2.Ng1f3 Nb8c6
3.Bf1c4 h6
4.c3 Ng8f6
5.d4 exd4
6.cxd4 Bf8b4
7.Nb1c3 O-O
8.O-O Bb4xc3
9.bxc3 Nf6xe4
10.Bc1b2 d5
11.Bc4b3 Bc8e6
12.Qd1d3 Qd8f6
13.Ra1e1 Ra8d8
14.Bb3c2 Be6f5
15.Qd3e3 Rf8e8
16.Qe3c1 Qf6g6
17.Nf3h4 Qg6f6
18.Qc1f4 Rd8d6
19.Nh4xf5 Rd6e6
20.Re1e2 Nc6e7
21.Nf5xe7 Re8xe7
22.Qf4xf6 Ne4xf6
23.Re2xe6 Re7xe6
24.h3 Re6e2
25.Rf1c1 Kf8
26.Bb2a3 Kg8
27.Kf1 Re2d2
28.Ke1 Nf6e4
29.f3 Rd2xg2
30.fxe4 c6
31.e5 Rg2g3
32.Rc1b1 b6
33.Rb1b2 Rg3xc3
34.Ba3b4 Rc3xh3
35.Bb4c5 bxc5
36.Rb2b8 { resign }
1-0

[Event "Tourn. n9655"]
[Site "www.chess-mail.com"]
[Date "2018.01.18"]
[Round "1"]
[White "Prize64"]
[Black "Pangloss"]
[WhiteElo "2150"]
[BlackElo "2159"]
[Result "1-0"]
[Round "1"]
1.e4 e5
2.f4 d5
3.exd5 c6
4.Nb1c3 exf4
5.Ng1f3 cxd5
6.d4 Ng8f6
7.Bc1xf4 Bf8d6
8.Bf4xd6 Qd8xd6
9.Bf1d3 O-O
10.O-O Nb8c6
11.Qd1d2 Bc8g4
12.h3  { time }
1-0

[Event "Tourn. n9663"]
[Site "www.chess-mail.com"]
[Date "2018.01.18"]
[Round "1"]
[White "Caspito"]
[Black "Fabos12"]
[WhiteElo "1870"]
[BlackElo "2010"]
[Result "0-1"]
[Round "1"]
1.e4 e6
2.d4 d5
3.e5 a6
4.Ng1f3 c5
5.Bc1e3 cxd4
6.Nf3xd4 Bf8c5
7.g3 Ng8e7
8.Bf1g2 Qd8b6
9.b3 Nb8c6
10.Nd4xc6 Bc5xe3
11.Nc6xe7 Be3xf2
12.Kf1 Kxe7
13.Qd1e2 Bf2c5
14.a3 Bc8d7
15.a4 Rh8f8
16.Nb1d2 f6
17.Bg2f3 fxe5
18.Kg2 e4
19.Nd2xe4 dxe4
20.Qe2xe4 Rf8xf3
21.Qe4h4 Rf3f6
22.Rh1f1 Qb6c6
23.Kh3 e5
24.g4 h5
25.Rf1xf6 hxg4
26.Kg3 gxf6
27.Ra1f1 Bc5e3
28.Qh4h7 Ke6
29.Qh7g6 Be3f4
30.Kh4 Ra8h8
{ resign }
0-1

[Event "Tourn. n9671"]
[Site "www.chess-mail.com"]
[Date "2018.01.18"]
[Round "1"]
[White "Tarasch"]
[Black "Falcoale"]
[WhiteElo "1810"]
[BlackElo "1890"]
[Result "1-0"]
[Round "1"]
1.d4 Ng8f6
2.c4 e6
3.Ng1f3 b6
4.a3 Bc8b7
5.Nb1c3 Bf8e7
6.Qd1c2 O-O
7.e4 d5
8.cxd5 exd5
9.e5 Nf6d7
10.Bf1d3 h6
11.O-O c5
12.dxc5 Nd7xc5
13.Bd3h7 Kh8
14.Nf3d4 Nb8d7
15.Bc1f4 Be7g5
16.Bf4g3 g6
17.e6 Nc5xe6
18.Nd4xe6 fxe6
19.Bh7xg6 Ra8c8
20.Qc2e2 Rf8f6
21.Bg6d3 Nd7c5
22.Bg3e5 Nc5xd3
23.Qe2xd3 Qd8d7
24.Nc3e4 Rc8f8
25.Be5xf6 Bg5xf6
26.Ne4xf6 Rf8xf6
27.Qd3d4 Qd7f7
28.Rf1e1 Kg8
29.Ra1c1 Rf6f4
30.Qd4e3 Rf4e4
31.Qe3g3 Kh8
32.Re1xe4 dxe4
33.Qg3e5 Kg8
34.Rc1c7 { resign }
1-0

[Event "Tourn. n9658"]
[Site "www.chess-mail.com"]
[Date "2018.01.18"]
[Round "1"]
[White "Coolant"]
[Black "Pangloss"]
[WhiteElo "2360"]
[BlackElo "2389"]
[Result "1-0"]
[Round "1"]
1.c4 e5
2.Nb1c3 Ng8f6
3.Ng1f3 Nb8c6
4.d4 exd4
5.Nf3xd4 Bf8c5
6.Nd4b3 Bc5b4
7.Qd1c2 d5
8.cxd5 Nf6xd5
9.Bc1d2 O-O
10.O-O-O Nd5xc3
11.Bd2xc3 Qd8g5
12.e3 Bc8g4
13.Rd1d2 Bg4f5
14.e4 Bf5e6
15.a3 Bb4xc3
16.Qc2xc3 Ra8d8
17.h4 Qg5f4
18.Nb3c5 Nc6d4
19.g3 Nd4b3
20.Nc5xb3 Qf4xe4
21.Rd2xd8 Rf8xd8
22.f3 Be6xb3
23.Bf1b5 Qe4d5
24.Bb5e2 Rd8d6
25.Rh1e1 h6
26.Kb1  { time }
1-0

[Event "Match"]
[Site "www.echecsemail.com"]
[Date "2018.01.18"]
[Round "1"]
[White "Bjonil60"]
[Black "Osvalazo"]
[WhiteElo "1460"]
[BlackElo "1810"]
[Result "0-1"]
[Round "1"]
1.c4 e5
2.e4 Ng8f6
3.d3 Bf8b4
4.Bc1d2 Qd8e7
5.a3 Bb4c5
6.Bd2e3 Bc5xe3
7.fxe3 O-O
8.d4 a5
9.b3 Nf6xe4
10.Nb1d2 Ne4c3
11.Qd1c1 exd4
12.Kf2 Qe7xe3

0-1

[Event "Match"]
[Site "www.echecsemail.com"]
[Date "2018.01.18"]
[Round "1"]
[White "Apdash"]
[Black "Liencam2"]
[WhiteElo "2310"]
[BlackElo "2260"]
[Result "1-0"]
[Round "1"]
1.d4 Ng8f6
2.c4 g6
3.Nb1c3 c5
4.d5 Bf8g7
5.e4 O-O
6.e5 Nf6e8
7.f4 d6
8.Ng1f3 Bc8g4
9.exd6 exd6
10.Bf1e2 Bg4xf3
11.Be2xf3 Bg7d4
12.Nc3b5 Bd4g7
13.O-O a6
14.Nb5c3 Nb8d7
15.Qd1c2 b5
16.cxb5 axb5
17.Nc3xb5 Qd8b6
18.a4 Ne8c7
19.Nb5xc7 Qb6xc7
20.Bc1d2 Rf8b8
21.Ra1b1 Rb8b7
22.Bf3e2 Nd7b6
23.a5 Nb6c8
24.f5 Bg7d4
25.Kh1 Nc8e7
26.fxg6 fxg6
27.Qc2e4 Ne7f5
28.g4 Nf5g7
29.b4 Bd4e5
30.b5 c4
31.Be2xc4 Qc7e7
32.a6 Qe7h4
33.Bd2f4 Rb7e7
34.Bf4xe5 Re7xe5
35.Qe4f3 Qh4e7
36.b6 Re5e3
37.Qf3g2 Re3a3
38.b7 Ra8b8
39.Rf1e1 Qe7c7
40.Re1c1 Qc7a5
41.Bc4b5 Ra3a2
42.Rc1c2 Ra2xc2
43.Qg2xc2 Qa5d8
44.Bb5c6 Qd8a5
45.Qc2d3 Qa5a2
46.Bc6d7 h5
47.Bd7e6 Kh8
48.Qd3xg6 Qa2d2
49.a7 { resign }
1-0

[Event "Match"]
[Site "www.echecsemail.com"]
[Date "2018.01.18"]
[Round "1"]
[White "Rindrandria"]
[Black "Ranjachess"]
[WhiteElo "1800"]
[BlackElo "1830"]
[Result "0-1"]
[Round "1"]
1.e4 e5
2.g4 d6
3.c4 Qd8h4
4.Bf1e2 Ng8f6
5.h3 Nf6xe4
6.Rh1h2 d5
7.Ng1f3 Qh4d8
8.Nf3xe5 Bf8d6
9.cxd5 Bd6xe5
10.Qd1a4 c6
11.Qa4xe4 Qd8xd5
12.Qe4g2 Be5xh2
13.Qg2xh2 O-O
14.Nb1c3 Qd5e6
15.d3 b5
16.f4 Rf8e8
17.f5 Qe6e7
18.Bc1f4 b4
19.Bf4d6 Qe7h4
20.Bd6g3 Qh4f6
21.Nc3e4 Qf6xb2
22.Ra1d1 Nb8d7
23.Qh2f2 Bc8a6
24.Bg3d6 Nd7e5
25.Qf2c5 Ne5xd3
26.Be2xd3 Re8xe4
27.Kf1 Ba6xd3
28.Kg1 Re4e2
29.Qc5xc6 Ra8e8
30.Rd1f1 Qb2d4
31.Kh1 Bd3e4
32.Qc6xe4 Qd4xe4
33.Kg1 Qe4g2

0-1

[Event "Fast Game"]
[Site "www.echecsemail.com"]
[Date "2018.01.18"]
[Round "1"]
[White "Izastar"]
[Black "Attatroll"]
[WhiteElo "1599"]
[BlackElo "1790"]
[Result "1/2-1/2"]
[Round "1"]
1.c4 e5
2.g3 Ng8f6
3.Bf1g2 Nb8c6
4.Nb1c3 d6
5.Ng1f3 Bf8e7
6.O-O O-O
7.b3 Bc8g4
8.Bc1b2 a6
9.h3 Bg4xf3
10.Bg2xf3 h6
11.Bf3g2 Nc6d4
12.e3 Nd4c6
13.Nc3d5 Nf6xd5
14.Bg2xd5 Be7f6
15.Bd5xc6 bxc6
16.Qd1f3 Qd8d7
17.d4 exd4
18.Bb2xd4 Bf6xd4
19.exd4 Rf8e8
20.Kg2 d5
21.cxd5 cxd5
22.Rf1e1 Re8e6
23.Re1e3 Kf8
24.Ra1e1 Ra8e8
25.Re3xe6 Re8xe6
26.Re1xe6 Qd7xe6
27.Qf3e3 Qe6xe3
28.fxe3 { draw }
1/2-1/2

[Event "Tourn. n9677"]
[Site "www.chess-mail.com"]
[Date "2018.01.19"]
[Round "1"]
[White "Apdash"]
[Black "Gvladutz"]
[WhiteElo "2250"]
[BlackElo "2500"]
[Result "0-1"]
[Round "1"]
1.d4 d5
2.Ng1f3 Ng8f6
3.c4 dxc4
4.Nb1c3 a6
5.a4 Nb8c6
6.e4 Bc8g4
7.e5 Nf6d5
8.Bf1xc4 e6
9.O-O Bf8b4
10.Nc3xd5 exd5
11.Bc4e2 O-O
12.Bc1g5 Qd8d7
13.Bg5d2 Qd7e7
14.Bd2c3 f6
15.Qd1b3 Bb4xc3
16.bxc3 fxe5
17.Qb3xd5 Kh8
18.dxe5 Bg4xf3
19.Be2xf3 Nc6xe5
20.Bf3d1 c6
21.Qd5e4 Qe7f6
22.f4 Ne5g6
23.Bd1c2 Qf6xc3
24.Ra1e1 Rf8f7
25.f5 Rf7e7
26.Qe4d3 Qc3xe1
27.Rf1xe1 Re7xe1
28.Kf2 Ng6f4
29.Qd3c3 Re1e2
30.Kf3 Nf4d5
31.Qc3c5 Ra8e8
32.f6 Re8e3
33.Kg4 Re2xg2
34.Kh4 g5
{ resign }
0-1

[Event "Tourn. n9685"]
[Site "www.chess-mail.com"]
[Date "2018.01.19"]
[Round "1"]
[White "Begory"]
[Black "Hansen"]
[WhiteElo "1590"]
[BlackElo "1550"]
[Result "0-1"]
[Round "1"]
1.d4 d5
2.Bc1f4 g6
3.Nb1c3 Bf8h6
4.Bf4xh6 Ng8xh6
5.Ng1f3 Nh6g4
6.h3 Ng4h6
7.e3 Nb8c6
8.Bf1b5 Nh6f5
9.O-O a6
10.Bb5xc6 bxc6
11.Nf3e5 Qd8d6
12.Qd1f3 f6
13.Ne5g4 Nf5h4
14.Qf3g3 Nh4f5
15.Rf1e1 Nf5xg3
16.fxg3 Qd6xg3
17.e4 h5
18.exd5 hxg4
19.dxc6 gxh3
20.Re1e2 Bc8g4
21.Re2f2 h2
{ resign }
0-1

[Event "Tourn. n9542"]
[Site "www.chess-mail.com"]
[Date "2018.01.19"]
[Round "1"]
[White "Goofy"]
[Black "Andychesston"]
[WhiteElo "2280"]
[BlackElo "2080"]
[Result "1-0"]
[Round "1"]
1.e4 e5
2.Ng1f3 Nb8c6
3.Bf1c4 Bf8e7
4.d4 Ng8f6
5.d5 Nc6a5
6.Bc4d3 b6
7.Nf3xe5 O-O
8.O-O a6
9.c4 d6
10.Ne5f3 Bc8g4
11.h3 Bg4h5
12.Rf1e1 Kh8
13.b4 Na5b7
14.Bc1b2 Nf6g8
15.Nb1d2 Bh5g6
16.Qd1e2 Rf8e8
17.e5 Be7g5
18.Bd3xg6 fxg6
19.Nd2e4 Bg5h6
20.e6 Qd8e7
21.Nf3d4 Qe7h4
22.Qe2g4 Qh4xg4
23.hxg4 Bh6f4
24.Nd4f3 Nb7d8
25.g3 Re8f8
26.Kg2 Bf4e5
27.Nf3xe5 dxe5
28.Bb2xe5 c5
29.bxc5 bxc5
30.Ne4xc5 Ra8c8
31.e7 Ng8xe7
32.Be5d6 Rf8e8
33.Re1xe7 Re8xe7
34.Bd6xe7 Nd8f7
35.Ra1b1 h6
36.f4 g5
37.Kf3 Rc8c7
38.Rb1b8 Kh7
39.Nc5e6 Rc7xc4
40.Rb8f8 Rc4c3
41.Ke4 Nf7h8
42.d6 Nh8g6
43.Rf8f7 { resign }
1-0

[Event "Tourn. n9685"]
[Site "www.chess-mail.com"]
[Date "2018.01.19"]
[Round "1"]
[White "Begory"]
[Black "Pachi"]
[WhiteElo "1560"]
[BlackElo "1650"]
[Result "1-0"]
[Round "1"]
1.e4 e5
2.Ng1f3 d6
3.Bf1c4 f6
4.O-O Bc8g4
5.h3 Bg4xf3
6.Qd1xf3 Nb8c6
7.d3 g6
8.Nb1c3 Nc6b4
9.Bc4b3 a5
10.a3 Nb4c6
11.Nc3d5 Nc6d4
12.Qf3d1 f5
13.exf5 gxf5
14.c3 Nd4c6
15.Qd1h5 Kd7
16.Qh5xf5 Ke8
17.Qf5h5 Kd7
18.Qh5f5 Ke8
19.Qf5e6 Ng8e7
20.Nd5f6 { resign }
1-0

[Event "Tourn. n9666"]
[Site "www.chess-mail.com"]
[Date "2018.01.19"]
[Round "1"]
[White "Pachi"]
[Black "Picifarkinca"]
[WhiteElo "1590"]
[BlackElo "1640"]
[Result "1-0"]
[Round "1"]
1.e4 e5
2.Ng1f3 d6
3.Bf1b5 c6
4.Bb5e2 Ng8f6
5.d3 g6
6.Bc1g5 Bf8g7
7.Bg5xf6 Bg7xf6
8.g3 Bc8h3
9.Be2f1  { time }
1-0